<?xml version="1.0" encoding="UTF-8"?>
<collection xmlns="http://www.loc.gov/MARC21/slim">
 <record>
  <leader>00348nab a2200097 c 4500</leader>
  <controlfield tag="001">bibDOK00007366</controlfield>
  <controlfield tag="005">20200924120317.7</controlfield>
  <controlfield tag="008">060518s1964    hu                  hun  </controlfield>
  <datafield tag="100" ind1="1" ind2=" ">
   <subfield code="a">Müller Antal</subfield>
  </datafield>
  <datafield tag="245" ind1="1" ind2="0">
   <subfield code="a">- Fataliev, H. M.: A marxizmus-leninizmus és a természettudományok. Moszkva, 1962.</subfield>
   <subfield code="c">Müller Antal</subfield>
  </datafield>
  <datafield tag="773" ind1="0" ind2=" ">
   <subfield code="t">Magyar Filozófiai Szemle 8</subfield>
   <subfield code="g">1964/1., 199-200. p.</subfield>
  </datafield>
 </record>
</collection>
